000 00589nam a2200217Ia 4500
999 _c45721
_d45721
001 12548
003 GE_BSU
005 20250502112112.0
008 181216s2007||||enk|||||||||||||| ||eng||
020 _a9782011555137
040 _cGE_BSU
041 _aeng
080 _a811.133.1 B-15
100 _aBaill, Emmanuelle
_924988
245 _aAlter Ego. Methode de Frangais. B1. 3
_cBaill, Emmanuelle.
264 _aParis
_bHachette
_c2007
300 _a112 p.:
_bill.;
_c29 cm.
653 _aგრამატიკა
653 _aფრანგული ენა
942 _cBK
_2udc